000 00327pam a2200133 a 4500
020 _c
041 _h
100 _aShridhar L. Manandhar.
245 _aNamaste Nepar Festivals
_b Namaste Nepar Festivals
_hTextual Documents
250 _a1995.
260 _a[s.l]:
_bRupa Co.
300 _a62:
_bpocket Book.
930 _a1117
999 _c234907
_d234907